General Knowledge - Statistics

General Stats
  • This quiz has been taken 50 times
  • The average score is 8 of 15
Answer Stats
Hint Answer % Correct
In which year did Neil Armstrong and Buzz Aldrin walk on the moon? 1969
95%
Who is the current US President? (2022) Joe Biden
91%
What is the largest country in the world? Russia
89%
Who led Italy during WW2? Mussolini
80%
What is the capital city of Sweden? Stockholm
75%
In which continent humans did humans originate? Africa
70%
Name a greenhouse gas Carbon dioxide/ Methane/ Nitrous Oxide
55%
Why did Jack and Jill climb up the hill? To fetch a pail of water
48%
What famous event happened in London in 1666? The Great Fire of London
43%
What date is Christmas on? 25th
36%
What empire did Alexander the Great rule? Macedonia
36%
What organ filters old blood cells? Spleen
32%
Who is the current first minister of Germany? (2022) Angela Merkel
25%
What is needed to craft 4 sticks in Minecraft? 2 wood planks
7%
What happened 600 years before that? The Norman Invasion
5%
No matching quizzes found
Score Distribution
Percent of People with Each Score
Percentile by Number Answered
Your Score History
You have not taken this quiz